00347nam a2200133Ia 4500003000400000005001700004008004100021040000900062082001700071100001800088245005300106260004500159300000900204OSt20200609100305.0190216s9999||||xx |||||||||||||| ||und|| coclc a320.5bWAR/F aWard, Barbara 0aFive Ideas That Change The World /cBarbara Ward bThe World Press Pvt Ltd,aLondon:c1965. a142p